Fr. Conceicao Rodrigues College of Engineering

System Programming (Record no. 18327)

MARC details
000 -LEADER
fixed length control field 00292nam a2200145Ia 4500
082 ## - DEWEY DECIMAL CLASSIFICATION NUMBER
Classification number 5.42
Item number DHA
100 ## - MAIN ENTRY--PERSONAL NAME
Personal name Dhamdhere/D.M
245 ## - TITLE STATEMENT
Title System Programming
260 ## - PUBLICATION, DISTRIBUTION, ETC.
Name of publisher, distributor, etc. McGraw - Hill
Date of publication, distribution, etc. 2011
300 ## - PHYSICAL DESCRIPTION
Extent 538
546 ## - LANGUAGE NOTE
Language note ENGLISH
650 ## - SUBJECT ADDED ENTRY--TOPICAL TERM
Topical term or geographic name entry element Programming
942 ## - ADDED ENTRY ELEMENTS (KOHA)
Koha item type BOOK
Holdings
Withdrawn status Lost status Damaged status Not for loan Collection Home library Current library Date acquired Total Checkouts Full call number Barcode Date last seen Date last checked out Price effective from Koha item type
        CRC Fr. Agnel's C.Rodrigues College of Engineering Fr. Agnel's C.Rodrigues College of Engineering 17/03/2023 1 5.42 DHA 21742 05/12/2025 12/06/2025   BOOK